Statistics for "We Didn't Start The Fire" Lyrics - Picture Quiz

Click here to take the quiz!

General Stats

  • This quiz has been taken 698 times
  • The average score is 55 of 119

Answer Stats

Answer% Correct
Marilyn Monroe
93%
Richard Nixon
89%
South Korea
89%
England's got a new {Queen}
87%
Einstein
85%
Elvis Presley
85%
Red {China}
83%
Television
83%
Joseph Stalin
82%
North Korea
82%
Harry Truman
80%
Disneyland
78%
Ho Chi Minh
78%
Eisenhower
77%
Belgians in the {Congo}
74%
Kennedy
73%
{Rock} Around the Clock
73%
Trouble in the {Suez}
73%
Alabama
72%
James Dean
72%
Lebanon
71%
Doris Day
68%
{Moon}shot
68%
{Punk} Rock
67%
The Catcher in the Rye
66%
{JFK} blown away
65%
Peter Pan
63%
Reagan
63%
Russians in {Afghanistan}
63%
Bridge on the River {Kwai}
62%
Castro
62%
Joe DiMaggio
62%
Malcolm X
60%
Princess {Grace}
60%
{Brooklyn}'s got a winning team
59%
{Bay of Pigs} invasion
58%
Berlin
58%
Buddy Holly
55%
{Communist} Bloc
55%
Liberace
55%
Palestine
53%
Brando
52%
Sputnik
52%
Wheel of Fortune
52%
Little Rock
51%
Ben Hur
49%
Dylan
49%
{Stranger} in a Strange Land
49%
Vaccine
49%
Children of {Thalidomide}
48%
{Homeless} Vets
47%
Johnnie Ray
47%
Woodstock
46%
Budapest
45%
H Bomb
45%
Hula Hoops
45%
British Politician {Sex}
44%
Pope {Paul}
44%
{Ayatollah} in Iran
43%
Bardot
43%
Lawrence of Arabia
43%
{Terror} on the Airline
43%
Watergate
43%
AIDS
42%
Hemingway
41%
South Pacific
41%
Sally Ride
40%
British {Beatlemania}
39%
Charles de Gaulle
39%
Davy Crockett
39%
Joe McCarthy
38%
John Glenn
38%
Studebaker
38%
China's under {Martial} {Law}
37%
Ole {Miss}
37%
Richard Nixon {back} {again}
37%
The King and I
37%
{Heavy} {Metal} Suicide
36%
Rosenbergs
36%
Crack
34%
{Peyton} Place
34%
Psycho
34%
U2
34%
Birth Control
32%
{Edsel} is a no go
32%
Nasser
32%
Mickey Mantle
31%
Space Monkey
31%
Khrushchev
30%
Rock and Roller {Cola} {Wars}
30%
{California} Baseball
29%
Sugar Ray
29%
Dien Bien Phu {falls}
27%
Eichmann
27%
Mafia
27%
Starkweather {Homicide}
27%
{Bernie} Goetz
25%
Foreign {Debts}
25%
{Hypodermics} on the Shore
25%
{Santayana} Goodbye
23%
Kerouac
22%
Liston beats {Patterson}
22%
Chubby Checker
21%
Malenkov
21%
Walter Winchell
21%
Begin
20%
Juan Peron
20%
Marciano
19%
Prokofiev
19%
Rockefeller
19%
Campanella
18%
Panmunjom
18%
Pasternak
18%
Roy Cohn
17%
Dacron
16%
Chou En-lai
15%
Syngman Rhee
15%
Toscanini
14%
Payola
13%

Score Distribution

Percentile by Number Answered

Percent of People with Each Score

Your Score History

You have not taken this quiz